[Event "Rheinland Pfalz op Seniors 14th"]
[Site "Neustadt an der Weinstrasse"]
[Date "2016.07.23"]
[Round "8"]
[White "Dickel, Gisbert"]
[Black "Pueschel, Wilhelm"]
[Result "1-0"]
[WhiteElo "1920"]
[BlackElo "1559"]
[PlyCount "91"]
[EventDate "2016.07.16"]
[EventType "swiss"]
[EventRounds "9"]
[EventCountry "GER"]
[SourceTitle "EXT 2019"]
[Source "ChessBase"]
[SourceDate "2018.10.10"]
[SourceVersion "1"]
[SourceVersionDate "2018.10.10"]
[SourceQuality "1"]

1. d4 Nf6 2. c4 e6 3. f3 c5 4. d5 d6 5. Nc3 Be7 6. e3 Na6 7. Bd3 Nc7 8. e4 e5 9. Be3 0-0 10. g4 Nfe8 11. Nge2 Bg5 12. Bf2 Be7 13. h4 g6 14. Qd2 a6 15. 0-0-0 Bd7 16. Rdg1 b5 17. f4 bxc4 18. Bb1 Nb5 19. f5 Qb6 20. g5 Nd4 21. f6 Bd8 22. Rg3 Nc7 23. h5 Ncb5 24. Be3 Rb8 25. Nxb5 Qxb5 26. Nc3 Ba5 27. Bxd4 cxd4 28. Qh2 Bxc3 29. b3 cxb3 30. Rxc3 bxa2 31. Bxa2 Qb2+ 32. Qxb2 Rxb2 33. Kxb2 dxc3+ 34. Kxc3 Rc8+ 35. Kb4 Bb5 36. hxg6 fxg6 37. Bb1 Kf7 38. Rxh7+ Kg8 39. Rg7+ Kf8 40. Rxg6 Kf7 41. Rg7+ Kf8 42. Rh7 Be8 43. Bd3 Rb8+ 44. Kc3 a5 45. Be2 Rb4 46. Rh8+ 1-0